000 01044nam a22001817a 4500
008 120723t xxu||||| |||| 00| 0 eng d
020 _a0321312511
050 _aQA76.7.S43
100 _aSebesta Robert W.
245 _aConcepts of programming languages. /
_cRobert W. Sebesta
250 _a7th ed.
260 _aBoston:
_bPearson Addison Wesley,
_c2005.
300 _axvii, 724 p.:
_bill.;
_c26cm
500 _aIncludes index.
505 _aContents: Preliminaries -- Evolution of the major programming languages -- Describing syntax and semantics -- Lextical and syntax analysis-- Names, bindings, types checking and scopes -- Data types -- Expressions and assignment statements -- Statement- level control structures -- Subprograms -- Implementing subprogramms -- Abstract data types and encapsulation constructs -- Support for object- oriented programming -- Concurrency -- Exception handling and event handling -- Functional programming languages -- Logic programming languages.
650 _aProgramming languages.
942 _2lcc
_cBK
999 _c1800
_d9300